PVG Direct Flights - Statistics

General Stats
  • This quiz has been taken 12 times
  • The average score is 114 of 233
Answers on the Map
Answers color-coded by a green-red scale on the quiz's map according to % correct below.
 
Answer Stats
Answer % Correct
Los Angeles
100%
Narita/Tokyo
100%
Newark/New York City
100%
New York City JFK
100%
Seattle/Tacoma
100%
Tokyo Haneda
100%
Abu Dhabi
91%
Addis Ababa
91%
Amsterdam
91%
Athens
91%
Auckland
91%
Bangkok Suvarnabhumi
91%
Beijing Capital
91%
Beijing Daxing
91%
Berlin
91%
Brisbane
91%
Brussels
91%
Budapest
91%
Busan
91%
Cairo
91%
Changsha
91%
Chicago
91%
Colombo
91%
Copenhagen
91%
Dallas/Fort Worth
91%
Doha
91%
Dubai
91%
Fiumicino/Rome
91%
Frankfurt
91%
Haikou
91%
Hanoi
91%
Ho Chi Minh City
91%
Hong Kong
91%
Incheon/Seoul
91%
Istanbul
91%
Jakarta
91%
Kansai
91%
Kathmandu
91%
Kuala Lumpur
91%
London Gatwick
91%
London Heathrow
91%
Macau
91%
Madrid
91%
Manchester
91%
Manila
91%
Marseille
91%
Melbourne
91%
Milan
91%
Moscow
91%
Munich
91%
Paris
91%
Riyadh
91%
San Francisco
91%
Singapore
91%
St. Petersburg
91%
Sydney
91%
Tehran
91%
Toronto
91%
Vancouver
91%
Vantaa/Helsinki
91%
Vienna
91%
Xianyang/Xi'An
91%
Zürich
91%
Bangkok Don Mueang
82%
Chitose/Sapporo
82%
Denpasar
82%
Detroit
82%
Fukuoka
82%
Guangzhou
82%
Malé
82%
Naha
82%
Phnom Penh
82%
Phuket
82%
Taoyuan/Taipei
82%
Tashkent
82%
Wuhan
82%
Bahrain
73%
Chongqing Jiangbei
73%
Chongqing Qianjiang
73%
Chongqing Wanzhou
73%
Fuzhou
73%
Hiroshima
73%
Jeju
73%
Lhasa
73%
Mactan/Cebu City
73%
Nagasaki
73%
Nanjing
73%
Taipei Songshan
73%
Ürümqi
73%
Vientiane
73%
Chengdu Shuangliu
64%
Chengdu Tianfu
64%
Daegu
64%
Dalian
64%
Kaohsiung
64%
Nagoya
64%
Nanning
64%
Novosibirsk
64%
Qingdao
64%
Sendai
64%
Shenyang
64%
Tianjin
64%
Xiamen
64%
Changchun
55%
Dali
55%
Harbin
55%
Kunming
55%
Penang
55%
Shenzhen
55%
Vladivostok
55%
Wenzhou
55%
Zhengzhou
55%
Bazhong
45%
Foshan
45%
Hefei
45%
Jinan
45%
Kagoshima
45%
Ningbo
45%
Chiang Mai
36%
Daqing
36%
Datong
36%
Hanzhong
36%
Hohhot
36%
Lanzhou
36%
Linyi
36%
Okayama
36%
Shijiazhuang
36%
Taiyuan
36%
Xining
36%
Yantai
36%
Yinchuan
36%
Zhuhai
36%
Altay
27%
Anshan
27%
Beihai
27%
Dandong
27%
Guilin
27%
Guiyang
27%
Kashgar
27%
Kota Kinabalu
27%
Lijiang
27%
Nanchang
27%
Niigata
27%
Qiqihar
27%
Quanzhou
27%
Sanya
27%
Toyama
27%
Weihai
27%
Xishuangbanna
27%
Yining
27%
Ankang
18%
Baotou
18%
Ganzhou
18%
Hengyang
18%
Heze
18%
Huizhou
18%
Jieyang
18%
Jinzhou
18%
Komatsu
18%
Korla
18%
Liuzhou
18%
Luzhou
18%
Mianyang
18%
Qinhuangdao
18%
Qionghai
18%
Saga
18%
Shizuoka/Mt. Fuji
18%
Tangshan
18%
Yichang
18%
Zhangye
18%
Zunyi Maotai
18%
Zunyi Xinzhou
18%
Baishan
9%
Biancheng
9%
Bijie
9%
Bole
9%
Changzhi
9%
Chaoyang
9%
Chenzhou
9%
Chifeng
9%
Dazhou
9%
Dongying
9%
Dunhuang
9%
Enshi City
9%
Ezhou
9%
Fuyang
9%
Guangyuan
9%
Handan
9%
Hulunbuir
9%
Jiamusi
9%
Ji'An
9%
Jiayuguan
9%
Jingzhou
9%
Lincang
9%
Linfen
9%
Longnan
9%
Longyan
9%
Lüliang
9%
Malay
9%
Manzhouli
9%
Nanchong
9%
Nanyang
9%
Ordos City
9%
Qingyang
9%
Rizhao
9%
Sanming
9%
Shaoguan
9%
Shiyan
9%
Songyuan
9%
Takamatsu
9%
Tongliao
9%
Tongren
9%
Turpan
9%
Wenshan
9%
Xichang
9%
Xinyang
9%
Xinzhou
9%
Yan'An
9%
Yanji
9%
Yibin
9%
Yingkou
9%
Yueyang
9%
Yulin, Guangxi
9%
Yulin, Shaanxi
9%
Yuncheng
9%
Zhangjiajie
9%
Zhangjiakou
9%
Zhanjiang
9%
Zhaotong
9%
Langzhong
0%
Mangshi
0%
Senipah
0%
Xingyi
0%
No matching quizzes found
Score Distribution
Percent of People with Each Score
Percentile by Number Answered
Your Score History
You have not taken this quiz